书目信息 |
| 题名: |
胶黏剂配方工艺手册
|
|
| 作者: | 李和平 主编 | |
| 分册: | ||
| 出版信息: | 北京 化学工业出版社 2006 |
|
| 页数: | ||
| 开本: | 29cm | |
| 丛书名: | ||
| 单 册: | ||
| 中图分类: | TQ430.6-62 | |
| 科图分类: | ||
| 主题词: | 胶粘剂--化学工业 | |
| 电子资源: | ||
| ISBN: | 7-5025-7971-0 | |
| 000 | 00542nam0 2200181 450 | |
| 001 | 0754114953 | |
| 005 | 20070929150154.95 | |
| 010 | @a7-5025-7971-0@b精装 | |
| 100 | @a20070929d km y0chiy0120 ea | |
| 101 | 0 | @achi |
| 200 | 1 | @a胶黏剂配方工艺手册@Ajiao nian ji pei fang gong yi shou ce@f李和平 主编@Fli he ping zhu bian |
| 210 | @a北京@c化学工业出版社@d2006 | |
| 215 | @d29cm | |
| 606 | 0 | @a胶粘剂@x化学工业 |
| 690 | @aTQ430.6-62@v3 | |
| 701 | 0 | @a李和平@Ali he ping@4主编 |
| 801 | 0 | @aCN@bPFT@c20070929 |
| 905 | @a213230@dTQ430.6-62@eh207@f1 | |
| 胶黏剂配方工艺手册/李和平 主编.-北京:化学工业出版社,2006 |
| 29cm |
| ISBN 7-5025-7971-0(精装): |
| ● |
| 相关链接 |
|
|
|
|
正题名:胶黏剂配方工艺手册
索取号:TQ430.6-62/h207
 
预约/预借
| 序号 | 登录号 | 条形码 | 馆藏地/架位号 | 状态 | 备注 |
| 1 | 6002322 | 260023227 | 化学系资料室/ [索取号:TQ430.6-62/h207] | 在馆 |